Polycystic ovary syndrome/ (Record no. 897)
[ view plain ]
| 000 -LEADER | |
|---|---|
| fixed length control field | 00604cam a2200181 4500 |
| 008 - FIXED-LENGTH DATA ELEMENTS--GENERAL INFORMATION | |
| fixed length control field | 181214n 000 0 eng u |
| 020 ## - INTERNATIONAL STANDARD BOOK NUMBER | |
| International Standard Book Number | 9781904798743 |
| 035 ## - SYSTEM CONTROL NUMBER | |
| System control number | (Sirsi) a209539 |
| 050 ## - LIBRARY OF CONGRESS CALL NUMBER | |
| Classification number | RG 480.S7 POL 2007 |
| 245 ## - TITLE STATEMENT | |
| Title | Polycystic ovary syndrome/ |
| Remainder of title | edited Gautam N. Allahbadia, Rina Agrawal, Rubina Merchant |
| 260 ## - PUBLICATION, DISTRIBUTION, ETC. | |
| Place of publication, distribution, etc. | Kent: |
| Name of publisher, distributor, etc. | Anshan Ltd, |
| Date of publication, distribution, etc. | 2007 |
| 300 ## - PHYSICAL DESCRIPTION | |
| Extent | xxiii, 497 pages: |
| Other physical details | illustrations |
| 504 ## - BIBLIOGRAPHY, ETC. NOTE | |
| Bibliography, etc. note | Includes index |
| 650 ## - SUBJECT ADDED ENTRY--TOPICAL TERM | |
| Topical term or geographic name entry element | Polycystic ovary syndrome |
| 650 ## - SUBJECT ADDED ENTRY--TOPICAL TERM | |
| Topical term or geographic name entry element | Polycystic ovary syndrome -- Etiology. |
| 700 ## - ADDED ENTRY--PERSONAL NAME | |
| Personal name | Allahbadia, Gautam |
| 700 ## - ADDED ENTRY--PERSONAL NAME | |
| Personal name | Agrawal, Rina Rameshwardas |
| Withdrawn status | Lost status | Source of classification or shelving scheme | Damaged status | Not for loan | Home library | Current library | Shelving location | Total Checkouts | Full call number | Barcode | Date last seen | Copy number | Price effective from | Koha item type |
|---|---|---|---|---|---|---|---|---|---|---|---|---|---|---|
| Library of Congress Classification | Kitwe Library | Kitwe Library | On Shelf | RG 480.S7 POL 2007 | 33729005025817 | 08/09/2019 | 1 | 08/09/2019 | Book |